000 00249nam a2200109Ia 4500
008 190216s9999||||xx |||||||||||||| ||und||
100 _aKannampuzha Krishna Varier
245 0 _aKanchana Soudam
260 _bNull
650 _aKavithkal
942 _cBK
999 _c24130
_d24130